| 000 | 00548naa a22001217u 4500 | ||
|---|---|---|---|
| 008 | 130517b2009 xxu||||| |||| 00| 0 spa d | ||
| 040 | _aSPA | ||
| 100 | 1 |
_aVidal Taléns, José _93712 |
|
| 245 | 0 | 0 | _aMirar a Jesús y ver al Hijo de Dios, hecho hombre para nuestra redención. Aportación de J. Ratzinger a la Cristología contemparánea |
| 300 |
_a67-100 p. _c21 cm |
||
| 773 | 0 |
_tEl pensamiento de Joseph Ratzinger:Teólogo y Papa _aMADRIGAL, Santiago _dMadrid,San Pablo,2009, _gpágs. 67-100 p. _oM.21935-2009 _z978-84-285-3488-8, _w85667 |
|
| 942 | _cAC | ||
| 999 |
_c220536 _d220536 |
||